000 01729nam a2200373 c 4500
999 _c90157
_d90157
003 BLK
005 20230801112122.0
008 180408b bul|||||r ||||||| ||bul||
010 _aKNG00094884000
040 _aBLK
041 _aBUL
_cBUL
080 _aИстория на музиката
_b78.03
_x(497.8)
_z78.03(497.8)
139 _aИстория на музиката
_bИ 95
245 1 0 _aИстория на музиката
_bУчебник за студентите от Бълг. държ. консерватория : Ч. 1 -
_cавт. на том Борис Вениаминович Левик; прев. на том Киприана Друмева.
_nЧ. 2
_pВтората половина на ХVІІІ в.
250 _a2. изд.
257 _aSUN
260 _aСофия
_bМузика
_c1979 -
_fЗа том: Ямбол : Г. Димитров
300 _c22 см
380 _a7
500 _aОриг. загл. История зарубежной музыки
650 4 _aМузика - история
_9249453
653 _aистория на музиката
700 1 _aЛевик, Борис Вениаминович
_eавт. на том
_9368499
700 _aДрумева, Киприана Димитрова
_d1942-2001
_9315251
760 1 _b2. изд.
_d1979
_h284 с. : с ноти
_n1. изд. 1972
_tЧ. 2 Втората половина на ХVІІІ в.
852 _aЦб 99671
856 4 _qpdf
_i0.00
_ldisable
856 4 _qpdf
_i0.00
_ldisable
942 _cKNG
_n0
_s1
944 _aCR
_c19.03.2010
_k30556
_lТеодора Пейчева-Дянкова
944 _aED
_c28.02.2011
944 _aED
_c2022-11-29
_kХристина Везирева
999 _d90157